000 01112nam a2200337 a 4500
003 AR-BaBNM
005 20251128203819.0
008 082120s2002 ||||||||||||||000 | spa||
040 _cAR-BaBNM
100 1 _aOrtega Canadell, Rosa
245 0 0 _aMetodología de la geografía y de la historia en el bachillerato
260 _aMadrid
_bDirección General de Enseñanza Media
_c[ca. 1960]
300 _a104 p.
_btablas, diagr.
490 0 _aPublicaciones de la Revista Enseñanza Media. Guías didácticas
650 4 _aENSEÑANZA DE LA HISTORIA
650 4 _aENSEÑANZA DE LA GEOGRAFIA
650 4 _aMETODOS DE ENSEÑANZA
650 4 _aESTUDIOS SOCIALES
650 4 _aCIENCIAS SOCIALES
650 4 _aGEOGRAFIA MUNDIAL
650 4 _aDATOS GEOGRAFICOS
650 4 _aINVESTIGACION GEOGRAFICA
651 4 _aEspaña
653 _aEDUCACION SECUNDARIA
700 1 _aGil Crespo, Adela
_ecolaborador
700 1 _aGarcía de Prado, Justiniano
_ecolaborador
800 1 _aRodríguez Lemes, Dacio
_edirector
810 1 _aEspaña
_bMinisterio de Educación Nacional
942 _cBK
998 _cSILVI
999 _c5012
_d5012